|
|
|
|
| LEADER |
00000nam a2200000 4500 |
| 001 |
vtls012265023 |
| 003 |
SK-MaSNL |
| 005 |
20260301232044.0 |
| 008 |
251112s1826 xo ab f 000 0 ger |
| 015 |
|
|
|a SNBHFA
|
| 040 |
|
|
|a SNKHF
|b slo
|c SNKHF
|e rda
|
| 041 |
0 |
|
|a ger
|
| 044 |
|
|
|a xo
|c SK
|
| 072 |
|
7 |
|a 528
|x Geodézia. Kartografia
|2 konspekt
|
| 080 |
|
|
|a 528.9
|2 2011
|
| 080 |
|
|
|a 911.2:528.42
|2 2011
|
| 100 |
1 |
|
|a Kolbány, Pál,
|d 1757-1816
|4 aut
|9 248500
|
| 245 |
1 |
0 |
|a Darstellung des Ungarisch-Töplitzer-Baades bei Trentschin mit Rücksicht auf die Verschönerungs-Anstalt desselben
|
| 246 |
3 |
4 |
|a Das topographisch betrachtet wie es ist mit der Ansicht fűr die Zukunft
|
| 264 |
|
3 |
|a Preßburg
|b gedruckt bei Carl R. Snischek, k. k. privil. Buchdrucker
|c 1826
|
| 300 |
|
|
|a 27 strán
|b ilustrácie, mapy
|c 8°
|c 20 × 13 cm
|
| 336 |
|
|
|a text
|b txt
|2 rdacontent
|
| 337 |
|
|
|a bez média
|b n
|2 rdamedia
|
| 338 |
|
|
|a zväzok
|b nc
|2 rdacarrier
|
| 500 |
|
|
|a Vinety, signety, ozdobné iniciálky
|
| 510 |
4 |
|
|a OCLC 923664333
|
| 546 |
|
|
|a Nemčina
|b Fraktura
|
| 561 |
|
|
|a Proveniencia: pečiatka: Dr. E. Kadarász- ver. not. Poz. Margity Zayovej.
|5 SNK SD 92872
|
| 563 |
|
|
|a Väzba: papierová modrá.
|5 SNK SD 92872
|
| 650 |
0 |
7 |
|a topografia
|2 SNKPH
|9 30645
|
| 650 |
0 |
7 |
|a kartografia
|2 SNKPH
|9 820
|
| 700 |
1 |
|
|a Kadarász, Ernest
|4 oth
|9 302455
|
| 700 |
1 |
|
|a Zaiová, Margita,
|d 1868-1937
|4 fmo
|9 186369
|
| 700 |
1 |
|
|a Snížek, Karol Gašpar,
|d 1777-1832
|4 prt
|9 320016
|
| 752 |
|
|
|a Slovensko
|d Bratislava
|
| 852 |
|
|
|a snk
|b Zaiova knižnica
|p SD 92872
|
| 958 |
|
|
|a DF
|
| 958 |
|
|
|a ONDV
|
| 999 |
|
|
|c 960263
|d 962193
|
| 952 |
|
|
|t Zay 8209; Z 9661
|a SNK
|b SNK
|c SNK_HF
|y PREZ
|7 0
|p 17A1487759
|o snkSD 92872
|i snk2024/15563
|8 5
|0 0
|1 0
|4 0
|d 2024-10-09
|l 0
|r 2026-02-24 10:16:53
|w 2026-02-24
|